[Event "AUT Bundesliga Women 2021-22"]
[Site "Austria"]
[Date "2022.03.26"]
[Round "6.12"]
[White "Wu, Min"]
[Black "Wolf, Elena"]
[Result "1-0"]
[WhiteElo "1952"]
[BlackElo "1147"]
[Annotator "NA"]
[PlyCount "53"]
[EventDate "2021.11.06"]
[EventType "team-tourn"]
[EventCountry "AUT"]
[SourceTitle "playchess.com"]
[Source "ChessBase"]
[SourceQuality "1"]
[TimeControl "40/5400+30:1800+30"]

1. e4 {[%emt 0:00:03]} e5 {[%emt 0:00:05]} 2. Nf3 {[%emt 0:00:05]} Nc6 {[%emt 0:00:04]} 3. Nc3 {[%emt 0:00:04]} Nf6 {[%emt 0:00:04]} 4. d4 {[%emt 0:00:05]} exd4 {[%emt 0:00:04]} 5. Nxd4 {[%emt 0:00:04]} Bb4 {[%emt 0:00:10]} 6. Nxc6 {[%emt 0:00:06]} bxc6 {[%emt 0:00:18]} 7. Bd3 {[%emt 0:00:05]} d5 {[%emt 0:00:09]} 8. exd5 {[%emt 0:00:04]} cxd5 {[%emt 0:00:04]} 9. O-O {[%emt 0:00:05]} O-O {[%emt 0:00:04]} 10. h3 {[%emt 0:00:22]} Re8 {[%emt 0:02:58]} 11. Qf3 {[%emt 0:02:03]} Be6 {[%emt 0:02:16]} 12. Bf4 {[%emt 0:05:02]} c6 {[%emt 0:12:10]} 13. Ne2 {[%emt 0:12:18]} Bd6 {[%emt 0:13:30]} 14. Rad1 {[%emt 0:12:21]} Qd7 {[%emt 0:15:18]} 15. Nd4 {[%emt 0:33:19]} Bxf4 {[%emt 0:12:45]} 16. Qxf4 {[%emt 0:00:44]} Rab8 {[%emt 0:05:08]} 17. b3 {[%emt 0:02:40]} Qb7 {[%emt 0:05:54]} 18. c3 {[%emt 0:11:52]} Bd7 {[%emt 0:02:29]} 19. Rfe1 {[%emt 0:03:46]} Qb6 {[%emt 0:04:31]} 20. Nf5 {[%emt 0:04:11]} Kf8 {[%emt 0:06:49]} 21. Nxg7 {[%emt 0:02:42]} Kxg7 {[%emt 0:03:42]} 22. Qg5+ {[%emt 0:00:05]} Kf8 {[%emt 0:00:36]} 23. Qxf6 {[%emt 0:00:22]} Be6 {[%emt 0:06:12]} 24. Bf5 {[%emt 0:01:42]} c5 {[%emt 0:00:33]} 25. Bxe6 {[%emt 0:00:10]} Rxe6 {[%emt 0:00:17]} 26. Rxe6 {[%emt 0:00:05]} Qxe6 {[%emt 0:03:26]} 27. Qh8+ {[%emt 0:00:05]} 1-0

[Event "AUT Bundesliga Women 2021-22"]
[Site "Austria"]
[Date "2022.03.26"]
[Round "6.13"]
[White "Rozman, Monika"]
[Black "Mihok-Juhasz, Barbara"]
[Result "1/2-1/2"]
[WhiteElo "2094"]
[BlackElo "2275"]
[Annotator "ChessBase"]
[PlyCount "98"]
[EventDate "2021.11.06"]
[EventType "team-tourn"]
[EventCountry "AUT"]
[SourceTitle "playchess.com"]
[Source "ChessBase"]
[SourceQuality "1"]
[TimeControl "40/5400+30:1800+30"]

1. e4 {[%emt 0:00:02]} Nf6 {[%emt 0:00:07]} 2. e5 {[%emt 0:01:01]} Nd5 {[%emt 0:00:05]} 3. d4 {[%emt 0:00:17]} d6 {[%emt 0:00:09]} 4. Nf3 {[%emt 0:00:08]} g6 {[%emt 0:00:08]} 5. Be2 {[%emt 0:01:50]} Bg7 {[%emt 0:01:08]} 6. O-O {[%emt 0:00:15]} dxe5 {[%emt 0:04:04]} 7. Nxe5 {[%emt 0:00:43]} O-O {[%emt 0:00:08]} 8. Re1 {[%emt 0:04:52]} c6 {[%emt 0:04:50]} 9. Na3 {[%emt 0:02:56]} Be6 {[%emt 0:18:29]} 10. h4 {[%emt 0:06:11]} Nd7 {[%emt 0:00:43]} 11. Nf3 {[%emt 0:00:40]} Bg4 {[%emt 0:02:35]} 12. c3 {[%emt 0:00:33]} Re8 {[%emt 0:18:26]} 13. Nc4 {[%emt 0:05:01]} Qc7 {[%emt 0:03:19]} 14. Nfe5 {[%emt 0:01:31]} Nxe5 {[%emt 0:00:25]} 15. Nxe5 {[%emt 0:00:31]} Bxe2 {[%emt 0:00:27]} 16. Qxe2 {[%emt 0:00:34]} e6 {[%emt 0:09:16]} 17. c4 {[%emt 0:06:38]} Nf6 {[%emt 0:00:37]} 18. Bf4 {[%emt 0:01:48]} Qd8 {[%emt 0:02:32]} 19. Nf3 {[%emt 0:02:02]} Nd7 {[%emt 0:00:47]} 20. Rad1 {[%emt 0:02:37]} Qa5 {[%emt 0:04:20]} 21. b4 {[%emt 0:00:26]} Qf5 {[%emt 0:01:05]} 22. Bd6 {[%emt 0:09:27]} a5 {[%emt 0:09:58]} 23. a3 {[%emt 0:11:19]} axb4 {[%emt 0:00:21]} 24. axb4 {[%emt 0:00:03]} Qg4 {[%emt 0:09:27]} 25. Qc2 {[%emt 0:04:13]} Nf6 {[%emt 0:00:27]} 26. Be5 {[%emt 0:05:49]} Ra3 {[%emt 0:03:26]} 27. Bg3 {[%emt 0:05:50]} Rea8 {[%emt 0:01:46]} 28. Ne5 {[%emt 0:01:39]} Qf5 {[%emt 0:00:12]} 29. Qxf5 {[%emt 0:00:57]} gxf5 {[%emt 0:00:04]} 30. Rb1 {[%emt 0:01:02]} Ne4 {[%emt 0:00:25]} 31. b5 {[%emt 0:02:39]} Nc3 {[%emt 0:00:46]} 32. Rb4 {[%emt 0:08:47]} cxb5 {[%emt 0:00:08]} 33. cxb5 {[%emt 0:00:54]} Ra1 {[%emt 0:00:56]} 34. Rxa1 {[%emt 0:00:27]} Rxa1+ {[%emt 0:00:04]} 35. Kh2 {[%emt 0:00:03]} Nd5 {[%emt 0:04:52]} 36. Rc4 {[%emt 0:00:19]} Ra8 {[%emt 0:00:30]} 37. Nd3 {[%emt 0:00:43]} Bf6 {[%emt 0:00:10]} 38. Nf4 {[%emt 0:06:54]} Nxf4 {[%emt 0:01:27]} 39. Bxf4 {[%emt 0:00:03]} Bxh4 {[%emt 0:00:04]} 40. Rc7 {[%emt 0:03:20]} b6 {[%emt 0:00:54]} 41. Rb7 {[%emt 0:30:49]} Bd8 {[%emt 0:13:18]} 42. Bh6 {[%emt 0:00:00]} Bf6 {[%emt 0:02:50]} 43. Rxb6 {[%emt 0:00:00]} Bxd4 {[%emt 0:00:11]} 44. Ra6 {[%emt 0:00:00]} Rb8 {[%emt 0:03:31]} 45. f4 {[%emt 0:00:00]} Bb6 {[%emt 0:04:57]} 46. Ra3 {[%emt 0:00:00]} Bf2 {[%emt 0:01:00]} 47. Rf3 {[%emt 0:00:40]} Bh4 48. Rh3 {[%emt 0:02:34]} Bf2 {[%emt 0:00:40]} 49. Rf3 {[%emt 0:00:10]} Bh4 {[%emt 0:01:47]} 1/2-1/2

[Event "AUT Bundesliga Women 2021-22"]
[Site "Austria"]
[Date "2022.03.26"]
[Round "6.14"]
[White "Miturova, Magdalena"]
[Black "Mihelic, Vesna"]
[Result "1-0"]
[WhiteElo "2205"]
[BlackElo "1875"]
[Annotator "ChessBase"]
[PlyCount "57"]
[EventDate "2021.11.06"]
[EventType "team-tourn"]
[EventCountry "AUT"]
[SourceTitle "playchess.com"]
[Source "ChessBase"]
[SourceQuality "1"]
[TimeControl "40/5400+30:1800+30"]

1. e4 {[%emt 0:00:05]} e5 {[%emt 0:00:07]} 2. Nf3 {[%emt 0:00:07]} Nc6 {[%emt 0:00:08]} 3. Bb5 {[%emt 0:00:11]} g6 {[%emt 0:00:08]} 4. c3 {[%emt 0:00:18]} a6 {[%emt 0:00:08]} 5. Bc4 {[%emt 0:00:09]} d6 {[%emt 0:02:05]} 6. d4 {[%emt 0:01:34]} Bg7 {[%emt 0:03:07]} 7. Bg5 {[%emt 0:01:11]} Nge7 {[%emt 0:01:41]} 8. dxe5 {[%emt 0:00:52]} dxe5 {[%emt 0:00:52]} 9. Nbd2 {[%emt 0:00:12]} O-O {[%emt 0:01:08]} 10. b4 {[%emt 0:04:39]} h6 {[%emt 0:02:02]} 11. Be3 {[%emt 0:00:36]} Kh7 {[%emt 0:01:05]} 12. h4 {[%emt 0:06:58]} f6 {[%emt 0:09:08]} 13. a4 {[%emt 0:03:17]} Bd7 {[%emt 0:03:07]} 14. Nb3 {[%emt 0:09:18]} Qc8 {[%emt 0:02:46]} 15. Nc5 {[%emt 0:06:17]} Bg4 {[%emt 0:01:13]} 16. Qb3 {[%emt 0:00:38]} Nd8 {[%emt 0:01:23]} 17. a5 {[%emt 0:05:19]} Nec6 {[%emt 0:03:49]} 18. Nh2 {[%emt 0:03:49]} Re8 {[%emt 0:03:33]} 19. Nxg4 {[%emt 0:05:34]} Qxg4 {[%emt 0:00:04]} 20. Kf1 {[%emt 0:00:23]} Na7 {[%emt 0:06:08]} 21. Rd1 {[%emt 0:03:28]} Nb5 {[%emt 0:03:21]} 22. Rd7 {[%emt 0:06:10]} Ne6 {[%emt 0:45:24]} 23. Bxe6 {[%emt 0:03:53]} f5 {[%emt 0:00:18]} 24. h5 {[%emt 0:03:36]} Nd6 {[%emt 0:05:40]} 25. hxg6+ {[%emt 0:03:30]} Qxg6 {[%emt 0:00:34]} 26. Rxd6 {[%emt 0:00:19]} cxd6 {[%emt 0:00:07]} 27. Bxf5 {[%emt 0:00:06]} Qxf5 {[%emt 0:00:17]} 28. exf5 {[%emt 0:00:10]} dxc5 {[%emt 0:00:05]} 29. f6 {[%emt 0:00:43]} 1-0

[Event "AUT Bundesliga Women 2021-22"]
[Site "Austria"]
[Date "2022.03.26"]
[Round "6.15"]
[White "Goeschl, Ortrun"]
[Black "Exler, Veronika"]
[Result "0-1"]
[WhiteElo "1898"]
[BlackElo "2089"]
[Annotator "ChessBase"]
[PlyCount "84"]
[EventDate "2021.11.06"]
[EventType "team-tourn"]
[EventCountry "AUT"]
[SourceTitle "playchess.com"]
[Source "ChessBase"]
[SourceQuality "1"]
[TimeControl "40/5400+30:1800+30"]

1. Nc3 {[%emt 0:00:07]} d5 {[%emt 0:00:07]} 2. e4 {[%emt 0:00:06]} d4 {[%emt 0:00:06]} 3. Nce2 {[%emt 0:00:05]} e5 {[%emt 0:00:11]} 4. Ng3 {[%emt 0:00:06]} c5 {[%emt 0:02:07]} 5. Bc4 {[%emt 0:00:29]} Nc6 {[%emt 0:01:47]} 6. Nf3 {[%emt 0:02:34]} Be7 {[%emt 0:32:27]} 7. d3 {[%emt 0:02:46]} h5 {[%emt 0:03:30]} 8. h3 {[%emt 0:04:49]} h4 {[%emt 0:08:19]} 9. Ne2 {[%emt 0:04:02]} Nh6 {[%emt 0:14:34]} 10. c3 {[%emt 0:08:09]} g5 {[%emt 0:05:59]} 11. Qb3 {[%emt 0:31:47]} f6 {[%emt 0:02:18]} 12. Bd5 {[%emt 0:03:07]} Na5 {[%emt 0:06:10]} 13. Qc2 {[%emt 0:04:37]} Nf7 {[%emt 0:07:21]} 14. Nh2 {[%emt 0:07:33]} Bd7 {[%emt 0:01:33]} 15. Ng4 {[%emt 0:04:47]} Rc8 {[%emt 0:01:08]} 16. Bd2 {[%emt 0:01:28]} Qb6 {[%emt 0:01:22]} 17. c4 {[%emt 0:05:04]} Nc6 {[%emt 0:00:06]} 18. f3 {[%emt 0:01:01]} Nb4 {[%emt 0:00:47]} 19. Bxb4 {[%emt 0:05:40]} Qxb4+ {[%emt 0:00:26]} 20. Qd2 {[%emt 0:00:24]} Qxd2+ {[%emt 0:02:20]} 21. Kxd2 {[%emt 0:00:01]} Bc6 {[%emt 0:00:48]} 22. Bxf7+ {[%emt 0:03:10]} Kxf7 {[%emt 0:00:02]} 23. Rab1 {[%emt 0:01:26]} a6 {[%emt 0:01:53]} 24. a3 {[%emt 0:01:47]} b5 {[%emt 0:00:27]} 25. b3 {[%emt 0:00:08]} Rb8 {[%emt 0:00:25]} 26. Rhc1 {[%emt 0:00:15]} Bd7 {[%emt 0:00:46]} 27. Rh1 {[%emt 0:04:45]} Rb7 {[%emt 0:00:25]} 28. Kc2 {[%emt 0:00:24]} Rhb8 {[%emt 0:01:05]} 29. Nh6+ {[%emt 0:00:27]} Kg6 {[%emt 0:00:13]} 30. Ng4 {[%emt 0:00:10]} Bd6 {[%emt 0:04:42]} 31. Nc1 {[%emt 0:01:06]} a5 {[%emt 0:00:40]} 32. Nf2 {[%emt 0:02:14]} Be6 {[%emt 0:00:56]} 33. Ne2 {[%emt 0:00:18]} Be7 {[%emt 0:00:49]} 34. Rhg1 {[%emt 0:00:28]} Bd7 {[%emt 0:00:22]} 35. Rgc1 {[%emt 0:00:21]} bxc4 {[%emt 0:00:56]} 36. dxc4 {[%emt 0:00:02]} a4 {[%emt 0:00:08]} 37. b4 {[%emt 0:02:29]} cxb4 {[%emt 0:00:07]} 38. axb4 {[%emt 0:00:06]} Rxb4 {[%emt 0:00:10]} 39. Nd3 {[%emt 0:00:05]} Rxc4+ {[%emt 0:01:18]} 40. Kd1 {[%emt 0:00:14]} Rxc1+ {[%emt 0:00:14]} 41. Rxc1 {[%emt 0:30:02]} a3 {[%emt 0:02:34]} 42. Ra1 {[%emt 0:00:00]} Be6 {[%emt 0:03:09]} 0-1

[Event "AUT Bundesliga Women 2021-22"]
[Site "Austria"]
[Date "2022.03.26"]
[Round "6.16"]
[White "Moerwald, Magdalena"]
[Black "Zeber, Katja"]
[Result "1-0"]
[WhiteElo "1895"]
[BlackElo "1625"]
[Annotator "NA"]
[PlyCount "59"]
[EventDate "2021.11.06"]
[EventType "team-tourn"]
[EventCountry "AUT"]
[SourceTitle "playchess.com"]
[Source "ChessBase"]
[SourceQuality "1"]
[TimeControl "40/5400+30:1800+30"]

1. e4 {[%emt 0:00:03]} e5 {[%emt 0:00:06]} 2. Nf3 {[%emt 0:00:07]} Nc6 {[%emt 0:00:13]} 3. d4 {[%emt 0:00:09]} Qf6 {[%emt 0:06:43]} 4. d5 {[%emt 0:03:40]} Nd4 {[%emt 0:07:52]} 5. Nxd4 {[%emt 0:04:16]} exd4 {[%emt 0:00:08]} 6. Nd2 {[%emt 0:03:55]} Bb4 {[%emt 0:08:53]} 7. a3 {[%emt 0:05:16]} Bxd2+ 8. Qxd2 {[%emt 0:03:43]} Ne7 {[%emt 0:19:27]} 9. b4 {[%emt 0:03:46]} d3 {[%emt 0:08:26]} 10. c3 {[%emt 0:01:39]} Qg6 {[%emt 0:07:20]} 11. Qxd3 {[%emt 0:03:03]} d6 {[%emt 0:04:01]} 12. Bf4 {[%emt 0:05:21]} O-O {[%emt 0:04:15]} 13. g3 {[%emt 0:16:24]} Qf6 {[%emt 0:07:40]} 14. Qd4 {[%emt 0:04:38]} Qxd4 {[%emt 0:01:04]} 15. cxd4 {[%emt 0:00:07]} f5 {[%emt 0:00:51]} 16. f3 {[%emt 0:03:41]} fxe4 {[%emt 0:05:24]} 17. fxe4 {[%emt 0:00:13]} Ng6 {[%emt 0:00:20]} 18. Be3 {[%emt 0:02:48]} Bg4 {[%emt 0:02:18]} 19. Bg2 {[%emt 0:01:51]} Rae8 {[%emt 0:05:31]} 20. Rf1 {[%emt 0:06:01]} Rxf1+ {[%emt 0:00:48]} 21. Kxf1 {[%emt 0:00:20]} Bf5 {[%emt 0:00:28]} 22. exf5 {[%emt 0:00:23]} Rxe3 {[%emt 0:00:53]} 23. fxg6 {[%emt 0:00:07]} hxg6 {[%emt 0:00:22]} 24. Rc1 {[%emt 0:01:01]} Re7 {[%emt 0:08:03]} 25. Bh3 {[%emt 0:01:08]} Kf8 {[%emt 0:00:54]} 26. Be6 {[%emt 0:00:44]} b6 {[%emt 0:00:35]} 27. Ke2 {[%emt 0:00:36]} g5 {[%emt 0:00:49]} 28. Kf3 {[%emt 0:00:13]} g6 {[%emt 0:00:31]} 29. Kg4 {[%emt 0:01:00]} Rg7 {[%emt 0:00:33]} 30. Kxg5 {[%emt 0:00:26]} 1-0

[Event "AUT Bundesliga Women 2021-22"]
[Site "Austria"]
[Date "2022.03.26"]
[Round "6.17"]
[White "Landl, Margot"]
[Black "Zatonskih, Anna"]
[Result "1/2-1/2"]
[WhiteElo "2043"]
[BlackElo "2403"]
[Annotator "ChessBase"]
[PlyCount "54"]
[EventDate "2021.11.06"]
[EventType "team-tourn"]
[EventCountry "AUT"]
[SourceTitle "playchess.com"]
[Source "ChessBase"]
[SourceQuality "1"]
[TimeControl "40/5400+30:1800+30"]

1. e4 {[%emt 0:00:02]} e6 {[%emt 0:00:16]} 2. d4 {[%emt 0:00:09]} d5 {[%emt 0:00:02]} 3. Nc3 {[%emt 0:00:21]} dxe4 {[%emt 0:00:11]} 4. Nxe4 {[%emt 0:00:07]} Bd7 {[%emt 0:00:06]} 5. Nf3 {[%emt 0:00:27]} Bc6 {[%emt 0:00:07]} 6. Bd3 {[%emt 0:00:59]} Nd7 {[%emt 0:00:08]} 7. Qe2 {[%emt 0:04:50]} Ngf6 {[%emt 0:04:33]} 8. Bd2 {[%emt 0:06:05]} Nxe4 {[%emt 0:03:55]} 9. Bxe4 {[%emt 0:00:08]} Bxe4 {[%emt 0:00:11]} 10. Qxe4 {[%emt 0:00:06]} c6 {[%emt 0:00:05]} 11. c4 {[%emt 0:11:20]} Nf6 {[%emt 0:04:13]} 12. Qe2 {[%emt 0:06:43]} Be7 {[%emt 0:00:25]} 13. O-O {[%emt 0:02:21]} O-O {[%emt 0:00:59]} 14. Bc3 {[%emt 0:06:08]} Qc7 {[%emt 0:06:40]} 15. Rfd1 {[%emt 0:07:13]} Rad8 {[%emt 0:03:07]} 16. Rac1 {[%emt 0:02:32]} Rfe8 {[%emt 0:01:49]} 17. b4 {[%emt 0:07:08]} Qf4 {[%emt 0:08:26]} 18. Re1 {[%emt 0:06:59]} Qb8 {[%emt 0:09:30]} 19. Ne5 {[%emt 0:03:31]} Bd6 {[%emt 0:04:10]} 20. a4 {[%emt 0:02:09]} Nd7 {[%emt 0:04:00]} 21. g3 {[%emt 0:02:46]} Nf8 {[%emt 0:09:55]} 22. f4 {[%emt 0:07:27]} Qc7 {[%emt 0:05:24]} 23. Nf3 {[%emt 0:00:23]} Qb8 {[%emt 0:00:14]} 24. Ne5 {[%emt 0:00:05]} Qc7 {[%emt 0:00:05]} 25. Nf3 {[%emt 0:00:02]} Qb8 {[%emt 0:00:06]} 26. Ne5 {[%emt 0:00:04]} Qc7 {[%emt 0:00:08]} 27. Nf3 {[%emt 0:00:07]} Qb8 {[%emt 0:00:06]} 1/2-1/2

[Event "AUT Bundesliga Women 2021-22"]
[Site "Austria"]
[Date "2022.03.26"]
[Round "6.18"]
[White "Papp, Sarah"]
[Black "Truszkiewicz, Eliza"]
[Result "1-0"]
[WhiteElo "2301"]
[BlackElo "1897"]
[Annotator "ChessBase"]
[PlyCount "65"]
[EventDate "2021.11.06"]
[EventType "team-tourn"]
[EventCountry "AUT"]
[SourceTitle "playchess.com"]
[Source "ChessBase"]
[SourceQuality "1"]
[TimeControl "40/5400+30:1800+30"]

1. e4 {[%emt 0:00:03]} e5 {[%emt 0:00:04]} 2. Nf3 {[%emt 0:00:04]} Nc6 {[%emt 0:00:05]} 3. Bb5 {[%emt 0:00:05]} a6 {[%emt 0:00:13]} 4. Ba4 {[%emt 0:00:05]} Nf6 {[%emt 0:00:21]} 5. O-O {[%emt 0:00:08]} Be7 {[%emt 0:00:25]} 6. Re1 {[%emt 0:00:10]} b5 {[%emt 0:00:25]} 7. Bb3 {[%emt 0:00:06]} d6 {[%emt 0:00:23]} 8. c3 {[%emt 0:00:08]} Bg4 {[%emt 0:00:18]} 9. h3 {[%emt 0:00:21]} Bh5 {[%emt 0:00:17]} 10. d3 {[%emt 0:00:11]} O-O {[%emt 0:00:15]} 11. Nbd2 {[%emt 0:00:07]} Na5 {[%emt 0:01:21]} 12. Bc2 {[%emt 0:00:07]} Nd7 {[%emt 0:02:54]} 13. g4 {[%emt 0:01:58]} Bg6 {[%emt 0:00:38]} 14. b4 {[%emt 0:01:34]} Nb7 {[%emt 0:01:02]} 15. a4 {[%emt 0:06:21]} c5 {[%emt 0:06:06]} 16. a5 {[%emt 0:06:24]} Qc7 {[%emt 0:01:25]} 17. Nf1 {[%emt 0:04:15]} d5 {[%emt 0:07:37]} 18. Ne3 {[%emt 0:00:38]} d4 {[%emt 0:01:22]} 19. Nd5 {[%emt 0:00:24]} Qd8 {[%emt 0:01:48]} 20. cxd4 {[%emt 0:01:22]} cxd4 {[%emt 0:00:49]} 21. Bd2 {[%emt 0:04:40]} h6 {[%emt 0:10:59]} 22. Bb3 {[%emt 0:01:11]} Kh8 {[%emt 0:04:37]} 23. Rc1 {[%emt 0:02:04]} Bd6 {[%emt 0:03:48]} 24. Rc6 {[%emt 0:02:04]} Qb8 {[%emt 0:15:11]} 25. Nh4 {[%emt 0:18:03]} Nd8 {[%emt 0:02:42]} 26. Rc2 {[%emt 0:03:48]} Qb7 {[%emt 0:06:01]} 27. Nf5 {[%emt 0:02:17]} Bxf5 {[%emt 0:01:06]} 28. gxf5 {[%emt 0:00:18]} Rc8 {[%emt 0:06:07]} 29. Rxc8 {[%emt 0:00:28]} Qxc8 {[%emt 0:00:05]} 30. Qh5 {[%emt 0:00:45]} Kh7 {[%emt 0:02:30]} 31. Kh1 {[%emt 0:00:30]} Rh8 {[%emt 0:03:59]} 32. Rg1 {[%emt 0:01:41]} Kg8 {[%emt 0:04:35]} 33. Bxh6 {[%emt 0:01:17]} 1-0

[Event "AUT Bundesliga Women 2021-22"]
[Site "Austria"]
[Date "2022.03.26"]
[Round "6.19"]
[White "Zechner, Andrea"]
[Black "Worek, Joanna"]
[Result "0-1"]
[WhiteElo "1851"]
[BlackElo "2267"]
[Annotator "TA"]
[PlyCount "117"]
[EventDate "2021.11.06"]
[EventType "team-tourn"]
[EventCountry "AUT"]
[SourceTitle "playchess.com"]
[Source "ChessBase"]
[SourceQuality "1"]

{[%evp 12,117,10,-10,14,4,8,0,0,0,0,-1,0,-34,-28,-39,-29,-40,-22,-19,-5,-9,-9,-9,-4,-8,-8,-7,-16,-20,0,-8,0,-17,-13,-20,-21,-15,-16,-32,-31,-34,0,0,0,0,0,-18,-17,-36,-22,-97,-96,-364,-97,-625,-347,-347,-347,-347,-131,-169,-15,-16,0,0,0,-103,-60,-59,-62,-238,134,137,141,141,141,141,141,134,152,152,262,262,262,152,270,86,86,86,89,0,0,0,380,-102,0,0,0,0,0,-105,-105,-105,-105,-105,-105,-500]} 1. d4 Nf6 2. c4 e6 3. Nc3 Bb4 4. e3 O-O 5. Nge2 d5 6. a3 Be7 7. Nf4 a6 {E46: Nimzo-Indian: Rubinstein: 4 e3 0-0 5 Ne2 without early Bd3.} 8. b4 Re8 9. cxd5 exd5 {The position is equal.} 10. Bd3 {Inhibits Bf5.} c6 11. O-O Bd6 {[#]} 12. Re1 $146 ({Predecessor:} 12. Ra2 Nbd7 13. Re2 Nf8 14. f3 b5 15. Bb1 Qc7 16. g3 Ng6 17. Nxg6 hxg6 18. e4 dxe4 19. fxe4 {0-1 (37) Manukyan,S (2253)-Sjugirov,S (2663) Chess.com INT 2021}) 12... Nbd7 {[%cal Bb8d7,Bd7f8,Bf8g6][%mdl 32]} 13. Rb1 Nf8 14. a4 {[%cal Ba3a4,Ba4b5][%mdl 32]} Qe7 {aiming for ...Bxf4.} 15. Bd2 Ng6 16. b5 axb5 17. axb5 Qc7 {[%cal Rg6f4]} 18. g3 Nxf4 19. exf4 Rxe1+ 20. Qxe1 Bg4 21. bxc6 bxc6 22. Ra1 Re8 23. Qb1 h5 {[%cal Bh7h5,Bh5h4,Bh4h3][%mdl 32]} 24. Ra6 Rb8 25. Qa2 h4 26. Ra8 h3 27. Qa6 Bd7 28. Nd1 Qd8 29. Rxb8 Qxb8 30. Bc2 c5 31. dxc5 (31. Bc3 $11) 31... Bxc5 $17 32. Qd3 {[%mdl 8192]} (32. Qf1 $17 {was worth a try.}) 32... Qb6 $2 (32... d4 $19 {has better winning chances.} 33. Qf1 Qb7) 33. Ne3 $2 {[%mdl 8192]} (33. Qf1 $17) 33... d4 34. Nc4 Qb7 {[%csl Gh3][%cal Rb7g2]} 35. Qf1 {Inhibits Qg2+.} Qd5 $2 (35... Ng4 $1 $19 {[%cal Od4d3] Threatens to win with ...d3!} 36. Bd3 (36. Qxh3 $2 d3 $19) 36... Qf3) 36. Ne5 Bc8 (36... d3 $1 $19 {[%cal Rd3c2]} 37. Bd1 (37. Bxd3 $2 Bc8 $19) 37... Bf5) 37. Bd3 $11 Qa2 38. Be1 Be6 39. f5 (39. Nf3 $11) 39... Bd5 $17 40. Qxh3 Bd6 $1 41. Ng4 (41. f4 $1 $15) 41... Ne4 $2 (41... Nxg4 $19 42. Qxg4 Qa1) 42. Bxe4 $16 (42. f6 Qa1 43. Qf1 Ng5 $17) 42... Bxe4 {[#]} 43. Nf6+ $1 {[%mdl 512]} gxf6 44. Qg4+ Kf8 45. Qxe4 Qa1 46. Kg2 Qd1 {To avoid Bd2} (46... Qb2 $16 47. h4 Kg7) 47. Ba5 $18 d3 48. Qe3 ({Better is} 48. Bc3 $18) 48... Qb3 (48... Qc2 $16 49. Qd4 Bc5) 49. Bd2 $2 (49. Qd4 $18 {is the precise move to win.} Be7 50. Bd2) 49... Qc4 $16 50. h4 {Strongly threatening Qf3.} Be5 51. Qh6+ (51. Qf3 $16) 51... Kg8 $11 52. Qe3 Bc3 $2 {[%mdl 8192] [#]} (52... Kf8 $1 $11) 53. Bc1 $2 (53. Qe8+ $1 $18 Kg7 {[#]} 54. Bh6+ $1 {[%mdl 512]} Kh7 55. Qf8) 53... Bb4 {Black is more active.} ({Black should try} 53... d2 $17 54. Bxd2 Qd5+ 55. Kh3 Bxd2 56. Qe8+ Kh7) 54. Qe8+ Kg7 55. Bh6+ Kh7 56. Be3 (56. Qd8 $1 $11 {was the only way to keep the balance.}) 56... Qd5+ $17 {Black is better.} 57. Kh2 d2 58. Bxd2 Bxd2 59. g4 $2 {[%mdl 8192] A wild game.  Weighted Error Value: White=0.57/Black=0.60} (59. Qe7 $17 {is more resistant.}) 0-1

[Event "AUT Bundesliga Women 2021-22"]
[Site "Austria"]
[Date "2022.03.26"]
[Round "6.20"]
[White "Theissl-Pokorna, Regina"]
[Black "Mattersberger, Melanie"]
[Result "1-0"]
[WhiteElo "2296"]
[BlackElo "1763"]
[Annotator "ChessBase"]
[PlyCount "62"]
[EventDate "2021.11.06"]
[EventType "team-tourn"]
[EventCountry "AUT"]
[SourceTitle "playchess.com"]
[Source "ChessBase"]
[SourceQuality "1"]
[TimeControl "40/5400+30:1800+30"]

1. e4 {[%emt 0:00:04]} e5 {[%emt 0:00:03]} 2. Nf3 {[%emt 0:00:05]} Nc6 {[%emt 0:00:04]} 3. d4 {[%emt 0:00:37]} exd4 {[%emt 0:00:05]} 4. Nxd4 {[%emt 0:00:04]} Bc5 {[%emt 0:00:14]} 5. Be3 {[%emt 0:00:36]} Qf6 {[%emt 0:00:05]} 6. Nb5 {[%emt 0:02:26]} Bxe3 {[%emt 0:05:23]} 7. fxe3 {[%emt 0:00:06]} Qh4+ {[%emt 0:04:36]} 8. g3 {[%emt 0:00:06]} Qxe4 {[%emt 0:08:00]} 9. Nxc7+ {[%emt 0:00:18]} Kd8 {[%emt 0:00:15]} 10. Nxa8 {[%emt 0:00:06]} Qxh1 {[%emt 0:00:07]} 11. Qd6 {[%emt 0:02:07]} Nge7 {[%emt 0:02:25]} 12. Nd2 {[%emt 0:05:27]} Qd5 {[%emt 0:03:29]} 13. Qc7+ {[%emt 0:02:25]} Ke8 {[%emt 0:00:07]} 14. Qxc8+ {[%emt 0:01:53]} Nxc8 {[%emt 0:00:35]} 15. Nc7+ {[%emt 0:00:05]} Kd8 {[%emt 0:00:51]} 16. Nxd5 {[%emt 0:00:08]} Re8 {[%emt 0:02:22]} 17. O-O-O {[%emt 0:02:37]} Nd6 {[%emt 0:01:39]} 18. Nc4 {[%emt 0:02:51]} Ne4 {[%emt 0:01:08]} 19. Bg2 {[%emt 0:03:21]} Nc5 {[%emt 0:10:45]} 20. Nd6 {[%emt 0:01:40]} Rf8 {[%emt 0:02:15]} 21. b4 {[%emt 0:01:19]} Ne6 {[%emt 0:01:16]} 22. Nxb7+ {[%emt 0:00:48]} Kc8 {[%emt 0:00:22]} 23. Nd6+ {[%emt 0:00:54]} Kd8 {[%emt 0:02:43]} 24. Kb2 {[%emt 0:02:38]} Ne5 {[%emt 0:04:47]} 25. Kb3 {[%emt 0:00:56]} Ng4 {[%emt 0:02:33]} 26. h3 {[%emt 0:00:52]} Ne5 {[%emt 0:00:16]} 27. a4 {[%emt 0:00:04]} Nc7 {[%emt 0:02:35]} 28. Nxc7 {[%emt 0:04:16]} Kxc7 {[%emt 0:00:07]} 29. Nc4 {[%emt 0:00:03]} f6 {[%emt 0:01:56]} 30. Nxe5 {[%emt 0:01:05]} fxe5 {[%emt 0:00:05]} 31. Rf1 {[%emt 0:00:03]} Rh8 1-0